The market tells them so: The world and economic fundamentalism in Africa (Record no. 574)

MARC details
000 -LEADER
fixed length control field 00505nam a2200169Ia 4500
008 - FIXED-LENGTH DATA ELEMENTS--GENERAL INFORMATION
fixed length control field 240428s9999||||xx |||||||||||||| ||und||
020 ## - INTERNATIONAL STANDARD BOOK NUMBER
International Standard Book Number 9839747150
041 ## - LANGUAGE CODE
Language code of text/sound track or separate title eng
082 ## - DEWEY DECIMAL CLASSIFICATION NUMBER
Classification number 3338.M
100 ## - MAIN ENTRY--PERSONAL NAME
Personal name Mihevc, John
245 #4 - TITLE STATEMENT
Title The market tells them so: The world and economic fundamentalism in Africa
260 ## - PUBLICATION, DISTRIBUTION, ETC.
Name of publisher, distributor, etc. Third World Press
Place of publication, distribution, etc. Accra
Date of publication, distribution, etc. 1995
300 ## - PHYSICAL DESCRIPTION
Extent 313p, tabs, illus
650 ## - SUBJECT ADDED ENTRY--TOPICAL TERM
Topical term or geographic name entry element Developing Countries - Ghana -- Politics and government - Economic history.
942 ## - ADDED ENTRY ELEMENTS (KOHA)
Koha item type Books
Holdings
Withdrawn status Lost status Damaged status Not for loan Home library Current library Shelving location Date acquired Total checkouts Full call number Date last seen Copy number Price effective from Koha item type
        Main Library Main Library Open Shelves 08/02/2022   3338.M 00952 C1 29/04/2024 1 29/04/2024 Books
©2026  Parliament of Ghana Library - All rights reserved